Statistics for Geography Series #3

Click here to take the quiz!

General Stats

  • This quiz has been taken 45 times
  • The average score is 9 of 14

Answer Stats

OPEC Countries% Correct
Saudi Arabia
95%
Iran
86%
Iraq
86%
United Arab Emirates
86%
Qatar
83%
Kuwait
79%
Venezuela
74%
Nigeria
62%
Algeria
57%
Libya
57%
Angola
36%
Gabon
29%
Ecuador
24%
Equatorial Guinea
19%

Score Distribution

Percentile by Number Answered

Percent of People with Each Score

Your Score History

You have not taken this quiz